[Event "Llinars del Valles op-B 5th"]
[Site "Llinars del Valles"]
[Date "2011.04.30"]
[Round "1"]
[White "Clavell Boix, Francisco Javier"]
[Black "Alabart Paytubi, Josep"]
[Result "1-0"]
[WhiteElo "1767"]
[BlackElo "1428"]
[PlyCount "37"]
[EventDate "2011.04.30"]
[EventType "swiss"]
[EventRounds "7"]
[EventCountry "ESP"]
[SourceTitle "EXT 2012"]
[Source "ChessBase"]
[SourceDate "2011.11.24"]
[SourceVersion "1"]
[SourceVersionDate "2011.11.24"]
[SourceQuality "1"]

1. e4 e5 2. Nf3 Nc6 3. Nc3 Bc5 4. Nxe5 Qf6 5. Nf3 Nh6 6. h3 Nd4 7. Nd5 Nxf3+ 8. gxf3 Qd8 9. d4 Bb6 10. Nxb6 axb6 11. Be3 d6 12. Qd2 Bd7 13. Bc4 b5 14. Bb3 Qf6 15. 0-0-0 Qxf3 16. Rhg1 Qxe4 17. Bxh6 0-0-0 18. Bxg7 Rhg8 19. Bxf7 1-0

[Event "Llinars del Valles Tardor op 2nd"]
[Site "Llinars del Valles"]
[Date "2010.10.15"]
[Round "5"]
[White "Veciana Coronado, Pau"]
[Black "Clavell Boix, Francisco Javier"]
[Result "0-1"]
[WhiteElo "1911"]
[BlackElo "1756"]
[PlyCount "70"]
[EventDate "2010.09.17"]
[EventType "swiss"]
[EventRounds "9"]
[EventCountry "ESP"]
[SourceTitle "EXT 2012"]
[Source "ChessBase"]
[SourceDate "2011.11.24"]
[SourceVersion "1"]
[SourceVersionDate "2011.11.24"]
[SourceQuality "1"]

1. e4 c5 2. Nf3 d6 3. d4 cxd4 4. Nxd4 Nf6 5. Nc3 a6 6. Be3 e5 7. Nb3 Be6 8. f3 Be7 9. Qd2 Nbd7 10. g4 0-0 11. h4 Nb6 12. h5 d5 13. Bxb6 Qxb6 14. g5 d4 15. Na4 Qc6 16. gxf6 Bxf6 17. Nac5 Bxb3 18. Nxb3 h6 19. Bh3 Bg5 20. Qd3 Qb6 21. Ke2 a5 22. Rhg1 Be3 23. Rg2 a4 24. Nd2 Qxb2 25. Rb1 Qxa2 26. Rxb7 Qa1 27. Nc4 a3 28. Nxe3 a2 29. Nd5 Qh1 30. Nf6+ Kh8 31. Qd2 a1Q 32. Rg6 Qa6+ 33. Kf2 Qh2+ 34. Bg2 Qh4+ 35. Kg1 Qaxf6 0-1

[Event "Llinars del Valles Tardor op 2nd"]
[Site "Llinars del Valles"]
[Date "2010.09.24"]
[Round "2"]
[White "Prats Fumado, Gerard"]
[Black "Clavell Boix, Francisco Javier"]
[Result "0-1"]
[WhiteElo "1850"]
[BlackElo "1756"]
[PlyCount "72"]
[EventDate "2010.09.17"]
[EventType "swiss"]
[EventRounds "9"]
[EventCountry "ESP"]
[SourceTitle "EXT 2012"]
[Source "ChessBase"]
[SourceDate "2011.11.24"]
[SourceVersion "1"]
[SourceVersionDate "2011.11.24"]
[SourceQuality "1"]

1. d4 Nf6 2. e3 d6 3. f4 Nbd7 4. Nf3 e6 5. c4 Be7 6. Nc3 0-0 7. Bd3 b6 8. h3 Bb7 9. Rg1 d5 10. g4 Ne4 11. g5 Nxc3 12. bxc3 f5 13. gxf6 Rxf6 14. Qe2 g6 15. h4 dxc4 16. Bxc4 Bxf3 17. Qxf3 Nf8 18. h5 Kh8 19. Bb2 Rb8 20. Qh3 Qd6 21. Bd3 Kg7 22. Rg2 c5 23. Kd2 cxd4 24. cxd4 Rc8 25. Ke2 Kf7 26. Rag1 Qb4 27. Kf3 Bd6 28. hxg6+ hxg6 29. Qh6 Rc3 30. Bxc3 Qxc3 31. Bxg6+ Nxg6 32. Qh7+ Ke8 33. Rxg6 Rxf4+ 34. Kg2 Qc2+ 35. Kh3 Rf3+ 36. Kg4 Qf5+ 0-1

[Event "Llinars del Valles op-B 4th"]
[Site "Llinars del Valles"]
[Date "2010.05.08"]
[Round "5"]
[White "Regincos Oliva, Laura"]
[Black "Clavell Boix, Francisco Javier"]
[Result "0-1"]
[WhiteElo "1341"]
[BlackElo "1781"]
[PlyCount "56"]
[EventDate "2010.04.10"]
[EventType "swiss"]
[EventRounds "7"]
[EventCountry "ESP"]
[SourceTitle "EXT 2012"]
[Source "ChessBase"]
[SourceDate "2011.11.24"]
[SourceVersion "1"]
[SourceVersionDate "2011.11.24"]
[SourceQuality "1"]

1. Nf3 Nf6 2. d4 d5 3. c4 e6 4. e3 c5 5. Bd3 a6 6. 0-0 dxc4 7. Bxc4 b5 8. Be2 c4 9. b3 cxb3 10. Qxb3 Bd6 11. Bd3 Bb7 12. Bd2 0-0 13. a4 Bd5 14. Qb2 bxa4 15. Rxa4 Bxf3 16. gxf3 Qc7 17. f4 Qc6 18. Nc3 Qf3 19. Qc2 Qh3 20. Be2 Ng4 21. Bxg4 Qxg4+ 22. Kh1 Qf3+ 23. Kg1 f5 24. Qd1 Qh3 25. Nb5 Rf6 26. f3 Rg6+ 27. Kf2 Rg2+ 28. Ke1 Qh4+ 0-1

[Event "Llinars del Valles op-B 4th"]
[Site "Llinars del Valles"]
[Date "2010.04.24"]
[Round "3"]
[White "Latorre Coma, Antoni"]
[Black "Clavell Boix, Francisco Javier"]
[Result "0-1"]
[WhiteElo "1348"]
[BlackElo "1781"]
[PlyCount "140"]
[EventDate "2010.04.10"]
[EventType "swiss"]
[EventRounds "7"]
[EventCountry "ESP"]
[SourceTitle "EXT 2012"]
[Source "ChessBase"]
[SourceDate "2011.11.24"]
[SourceVersion "1"]
[SourceVersionDate "2011.11.24"]
[SourceQuality "1"]

1. e4 c5 2. Nf3 d6 3. c3 Nf6 4. Bb5+ Bd7 5. Bxd7+ Nbxd7 6. d3 e5 7. 0-0 Be7 8. Bg5 0-0 9. c4 a6 10. Nc3 h6 11. Bxf6 Nxf6 12. h3 Qd7 13. Nh4 Nxe4 14. dxe4 Bxh4 15. Nd5 Rab8 16. Qg4 Qxg4 17. hxg4 b5 18. g3 Bg5 19. f4 exf4 20. gxf4 Bf6 21. Nxf6+ gxf6 22. b3 bxc4 23. bxc4 Rb4 24. Rac1 Rfb8 25. Rf2 Kf8 26. Rh2 Kg7 27. Kg2 Rb2+ 28. Kg3 Rxh2 29. Kxh2 Rb2+ 30. Kg3 Rxa2 31. f5 Rb2 32. Rd1 Rb6 33. Kf4 a5 34. Ra1 Ra6 35. Ke3 a4 36. Kd3 h5 37. gxh5 Kh6 38. Ke3 Kxh5 39. Kf3 a3 40. Rh1+ Kg5 41. Rg1+ Kh6 42. Kg4 a2 43. Rh1+ Kg7 44. Ra1 Ra4 45. Kf3 Kf8 46. Ke3 Ke7 47. Kd3 Kd7 48. Kc3 Kc6 49. Kb3 Rb4+ 50. Kxa2 Rxc4 51. Re1 Rd4 52. Kb3 Kb5 53. Kc3 Rc4+ 54. Kd3 Rb4 55. Kc3 Rd4 56. Rb1+ Kc6 57. Re1 Kd7 58. Re2 Kc6 59. Re1 d5 60. e5 fxe5 61. Rxe5 Re4 62. Rxe4 dxe4 63. Kd2 Kd5 64. Ke3 Ke5 65. f6 c4 66. Kd2 Kd4 67. Kd1 Kd3 68. Ke1 e3 69. Kd1 e2+ 70. Ke1 Kc3 0-1

[Event "Llinars del Valles op-B 4th"]
[Site "Llinars del Valles"]
[Date "2010.04.17"]
[Round "2"]
[White "Clavell Boix, Francisco Javier"]
[Black "Corredor Franco, John"]
[Result "0-1"]
[WhiteElo "1781"]
[BlackElo "1598"]
[PlyCount "64"]
[EventDate "2010.04.10"]
[EventType "swiss"]
[EventRounds "7"]
[EventCountry "ESP"]
[SourceTitle "EXT 2012"]
[Source "ChessBase"]
[SourceDate "2011.11.24"]
[SourceVersion "1"]
[SourceVersionDate "2011.11.24"]
[SourceQuality "1"]

1. e4 c6 2. d3 d5 3. Qe2 e5 4. Nf3 Bd6 5. exd5 Qa5+ 6. Bd2 Qxd5 7. Nc3 Qe6 8. Ne4 f6 9. g3 Ne7 10. h4 Bc7 11. Bb4 Nd7 12. Bh3 Qf7 13. Nfd2 0-0 14. Nc4 c5 15. Bxc5 Nxc5 16. Nxc5 Qd5 17. Ne4 f5 18. Bg2 fxe4 19. Bxe4 Qc5 20. 0-0-0 Rb8 21. Rdf1 b5 22. Nd2 Nf5 23. c3 b4 24. Nb3 Nd4 25. Nxd4 exd4 26. c4 Bf5 27. Bd5+ Kh8 28. h5 Rbe8 29. Qd2 h6 30. Rfg1 Bh7 31. Kc2 Re5 32. f4 Rxd5 0-1

[Event "Llinars op Tardor Llinars d I"]
[Site "Llinars del Valles"]
[Date "2009.10.16"]
[Round "3.2"]
[White "Coll Enriquez, Lluis"]
[Black "Clavell Boix, Francisco Javier"]
[Result "1-0"]
[WhiteElo "2244"]
[BlackElo "1758"]
[PlyCount "71"]
[EventDate "2009.10.02"]
[EventType "swiss"]
[EventRounds "9"]
[EventCountry "ESP"]
[SourceTitle "EXT 2024"]
[Source "ChessBase"]
[SourceDate "2023.10.10"]
[SourceVersion "1"]
[SourceVersionDate "2023.10.10"]
[SourceQuality "1"]

1. e4 c5 2. Nf3 d6 3. c3 Nc6 4. d4 cxd4 5. cxd4 Nf6 6. Bd3 e6 7. Nc3 a6 8. 0-0 Be7 9. Re1 Qc7 10. h3 b5 11. a3 Bb7 12. Bf4 Nh5 13. Bh2 g6 14. Rc1 Qd7 15. d5 Nd8 16. Qb3 e5 17. Nxb5 0-0 18. Nc7 Ra7 19. Qb6 Ra8 20. Nxa8 Bxa8 21. Rc7 Qe8 22. Bxa6 f5 23. Qa7 Rf7 24. Qxa8 fxe4 25. Rxe4 Qf8 26. Be2 Nf6 27. Ng5 Nxe4 28. Nxe4 Kg7 29. Rc8 Kh6 30. Bg3 Qg8 31. Nxd6 Bxd6 32. Rxd8 Bf8 33. d6 Qg7 34. Qe4 Qf6 35. Bc4 Qf5 36. Qe3+ 1-0

[Event "Barcelona La Lira op 27th"]
[Site "Barcelona"]
[Date "2009.01.23"]
[Round "2"]
[White "Martin Sanchez, Enric"]
[Black "Clavell Boix, Francisco Javier"]
[Result "1-0"]
[WhiteElo "2036"]
[BlackElo "1757"]
[PlyCount "65"]
[EventDate "2009.01.16"]
[EventType "swiss"]
[EventRounds "8"]
[EventCountry "ESP"]
[SourceTitle "EXT 2011"]
[Source "ChessBase"]
[SourceDate "2010.11.26"]
[SourceVersion "1"]
[SourceVersionDate "2010.11.26"]
[SourceQuality "1"]

1. e4 c5 2. Nf3 d6 3. Bb5+ Nd7 4. 0-0 e6 5. d4 cxd4 6. Qxd4 a6 7. Bxd7+ Bxd7 8. Bg5 Qc7 9. Nc3 e5 10. Nd5 Qc6 11. Nxe5 dxe5 12. Qxe5+ Be6 13. Nc7+ Kd7 14. Nxa8 f6 15. Qd4+ Ke8 16. Bf4 Kf7 17. Nc7 Nh6 18. Nxe6 Qxe6 19. Bxh6 gxh6 20. Qd5 Bd6 21. Rad1 Rd8 22. Qxe6+ Kxe6 23. Rd3 Rg8 24. Rfd1 Rd8 25. Rxd6+ Rxd6 26. Rxd6+ Kxd6 27. f4 b5 28. Kf2 Kc5 29. Ke3 b4 30. Kd3 a5 31. b3 h5 32. h4 h6 33. c4 1-0